Come and get it (Record no. 78459)

MARC details
000 -LEADER
fixed length control field 00921cab a2200205 4500
001 - CONTROL NUMBER
control field L136833
008 - FIXED-LENGTH DATA ELEMENTS--GENERAL INFORMATION
fixed length control field 070227n2007 000 0 eng u
035 ## - SYSTEM CONTROL NUMBER
System control number (Sirsi) u136833
041 ## - LANGUAGE CODE
Language code of text/sound track or separate title eng
100 1# - MAIN ENTRY--PERSONAL NAME
Personal name Scott, Lucy
245 00 - TITLE STATEMENT
Title Come and get it
260 ## - PUBLICATION, DISTRIBUTION, ETC.
Date of publication, distribution, etc. 2007
490 00 - SERIES STATEMENT
Series statement Estates Gazette
Volume/sequential designation (0708) 24 February 2007, 70-74(4)
520 ## - SUMMARY, ETC.
Summary, etc. Looks at the results of the 16th EG/PSD salary survey finding that even talented graduates from outside surveying can cash in on the booming demand for their skills. An average salary is shown to be £51 359 for members of the property profession. However 10% earned more than £100 000 and 20% of respondents earned only between £20 000 and £29 999. Graphs and tables.
590 ## - LOCAL NOTE (RLIN)
Local note KA NTK
650 24 - SUBJECT ADDED ENTRY--TOPICAL TERM
Topical term or geographic name entry element ESTATES GAZETTE/PSD SALARY AND BENEFITS SURVEY
651 #4 - SUBJECT ADDED ENTRY--GEOGRAPHIC NAME
Geographic name GREAT BRITAIN
690 ## - LOCAL SUBJECT ADDED ENTRY--TOPICAL TERM (OCLC, RLIN)
Topical term or geographic name as entry element CAREERS, EDUCATION AND TRAINING-SURVEYING APPOINTMENTS
942 ## - ADDED ENTRY ELEMENTS (KOHA)
Suppress in OPAC 0
Holdings
Withdrawn status Lost status Source of classification or shelving scheme Damaged status Not for loan Home library Current library Shelving location Date acquired Total Checkouts Full call number Barcode Date last seen Copy number Price effective from Koha item type
    Dewey Decimal Classification     London London Journal article 27/02/2007   L136833 136833-1001 06/08/2019 1 06/08/2019 Journal article